Özv. Czinner Jakab Ignácné, született Herczel Fáni
Elmentve itt :
| Dokumentumtípus: | Cikk |
|---|---|
| Megjelent: |
1923-03-25
|
| Sorozat: | Délmagyarország
4 No. 69 |
| Kulcsszavak: | Czinner Jakab Ignácné Herczel Fáni, Gyászjelentés Szeged 1923 |
| Online Access: | http://dmarchiv.bibl.u-szeged.hu/37137 |
| LEADER | 00475nab a2200145 i 4500 | ||
|---|---|---|---|
| 001 | delm37137 | ||
| 005 | 20180927112935.0 | ||
| 008 | 180927s1923 hu o 0|| hun d | ||
| 040 | |a SZTE Délmagyarország Archívum |b hun | ||
| 041 | |a hun | ||
| 245 | 0 | 0 | |a Özv. Czinner Jakab Ignácné, született Herczel Fáni |h [elektronikus dokumentum] |
| 260 | |c 1923-03-25 | ||
| 300 | |a 7 | ||
| 490 | 0 | |a Délmagyarország |v 4 No. 69 | |
| 695 | |a Czinner Jakab Ignácné Herczel Fáni, Gyászjelentés Szeged 1923 | ||